| 000 | 00594nam a22001577a 4500 | ||
|---|---|---|---|
| 005 | 20120310140550.0 | ||
| 020 |
_a0285631292 _c00.00 |
||
| 035 | _aA-682183 | ||
| 037 |
_aDPL _bENG |
||
| 100 |
_aTanner, Wilda B. _943696 |
||
| 245 |
_aThe mystical, magical, marvelous world of dreams / _cby Wilda B. Tanner |
||
| 260 |
_aLondon _bSouvenir Press _c1988 |
||
| 300 |
_axv, 380p. _c20 cms. |
||
| 942 |
_2ddc _cEN _h154.63 _mTAN |
||
| 999 |
_c63957 _d63957 |
||